Обогащение руд редких металлов: книжная, журнальная и патентная литература на русском и иностранном языках за 1955-1961 гг.

Opis bibliograficzny
Korporacja: Центральная научно-техническая библиотека цветной металлургии
Kolejni autorzy: Рунова З. А. (составитель)
Język:rosyjski
Wydane: Москва, 1964
Hasła przedmiotowe:
Format: MixedMaterials Książka
KOHA link:https://koha.lib.tpu.ru/cgi-bin/koha/opac-detail.pl?biblionumber=211287

MARC

LEADER 00000nam0a2200000 4500
001 211287
005 20231101225654.0
035 |a (RuTPU)RU\TPU\book\230797 
090 |a 211287 
100 |a 20120312d1964 m y0rusy50 ca 
101 0 |a rus 
102 |a RU 
105 |a y a 001zy 
200 1 |a Обогащение руд редких металлов  |e книжная, журнальная и патентная литература на русском и иностранном языках за 1955-1961 гг.  |f Центральная научно-техническая библиотека цветной металлургии ; сост. З. А. Рунова 
210 |a Москва  |d 1964 
215 |a 72 с. 
320 |a Библиогр.: с. 70. 
610 1 |a редкие металлы 
610 1 |a руды 
610 1 |a обогащение 
610 1 |a библиографические указатели 
610 1 |a переработка 
675 |a 016:622.7(01)  |v 3 
675 |a 622.72(01)  |v 3 
702 1 |a Рунова  |b З. А.  |4 220 
712 0 2 |a Центральная научно-техническая библиотека цветной металлургии  |2 stltpush  |3 (RuTPU)RU\TPU\col\17081  |9 26517 
801 1 |a RU  |b 63413507  |c 20120312 
801 2 |a RU  |b 63413507  |c 20121009  |g RCR 
942 |c BK